1018 1238 1868 1037 1867 1166 1168 1157 1503 1276 1026 1787 1599 1759 1620 1360 1858 1769 1473 1985 1405 1779 1092 1623 1905 1258 1841 1293 1880 1841 1826 1137 1799 1408 1713 1611 1544 1691 1327 1231 1212 1162 1535 1493 1507 1914 1534 1016 1958 1605 1818 1788 1607 1999 1791 1164 1719 1056 1783 1668 1883 1624 1634 1751 1064 1262 1572 1245 1528 1112 1473 1321 1604 1445 1927 1677 1695 1226 1941 1920 1332 1888 1230 1082 1376 1077 1471 1040 1777 1462 1598 1513 1440 1621 1716 1385 1722 1952 1405 BCNSPRNW ULIB Ver.6.0+V

เปลี่ยนเป็นภาษาไทย

Change to English
 แสดงรายละเอียดบรรณานุกรม
  กลับหน้าหลัก

Brief Record : Get Marc (ISO 2709) : E-mail record : QR code < ปิดหน้าต่าง
LEADER : 00000nam 2200000uu 4500
001    13399126008
003     ULIB
008    180409s2557||||th 000 0 tha d
020    ^a9786162795794
050  0  ^aBF639 ^bจ412
111  2  ^aการประชุมวิชาการประจำปีจิตตปัญญาศึกษา^n(ครั้งที่ 6 :^d2557 :^cนครปฐม)
245  1  ^aจิตตปัญญาศึกษา-- พลังงานแห่งการฟื้นฟูและสร้างสรรค์สังคม :^bรวมบทความการประชุมวิชาการประจำปีจิตตปัญญาศึกษา ครั้งที่ 6 /^cพจน์ กริชไกรวรรณ, สุปรียส์ กาญจนพิศศาล, บรรณาธิการ.
246  3  ^aรวมบทความการประชุมวิชาการประจำปีจิตตปัญญาศึกษา ครั้งที่ 6
250    ^aพิมพ์ครั้งที่ 1.
260    ^aนครปฐม :^bศูนย์จิตตปัญญาศึกษา มหาวิทยาลัยมหิดล,^c2557.
300    ^a298 หน้า ;^c21 ซม.
650    7 ^aจิตตปัญญาศึกษา.
650    7 ^aจิตตปัญญาศึกษา^xรวมเรื่อง.
700  0  ^aพจน์ กริชไกรวรรณ,^eบรรณาธิการ.
700  0  ^aสุปรียส์ กาญจนพิศศาล,^eบรรณาธิการ.
710  2  ^aมหาวิทยาลัยมหิดล.^bศูนย์จิตตปัญญาศึกษา.
945    ^p280^l0^i003425
999    ^aประนอม เกษจรัล
รายการนี้ยังไม่มีแท็ก
คุณยังไม่ได้ล็อกอิน คุณสามารถมีกิจกรรมร่วมกับเว็บไซต์ได้ แต่ต้องล็อกอินก่อน ::
  ล็อกอิน

รายการสื่อสารสนเทศ

ลำดับที่ ประเภท เลขเรียก/บาร์โค้ด สถานที่ สถานะ
1. วิทยาศาสตร์การแพทย์ และสุขภาพ
วิทยาศาสตร์การแพทย์ และสุขภาพ
BF639 จ412 ฉ.1 
  Barcode: 003425
ห้องสมุดวิทยาเขตสวรรค์ประชารักษ์
►หนังสือทั่วไป
บนชั้น

BibComment


ยังไม่เคยถูกคอมเมนท์

คอมเมนท์ทรัพยากรรายการนี้
  คอมเมนท์: จิตตปัญญาศึกษา..


 Copyright 2026. Bcnsprnw @Library